书目信息 |
| 题名: |
信息科学技术概论
|
|
| 作者: | 李衍达 编 | |
| 分册: | ||
| 出版信息: | 北京 清华大学出版社 2005 |
|
| 页数: | 253页 | |
| 开本: | 23cm | |
| 丛书名: | ||
| 单 册: | ||
| 中图分类: | G201 | |
| 科图分类: | ||
| 主题词: | 信息技术--高等学校--教材 , 信息技术 | |
| 电子资源: | ||
| ISBN: | 7-302-11684-9 | |
| 000 | 00833nam0 2200253 450 | |
| 001 | 010060010796 | |
| 005 | 20061107085503.73 | |
| 010 | @a7-302-11684-9@dCNY25.00 | |
| 100 | @a20051203d2005 em y0chiy0110 ea | |
| 101 | 0 | @achi |
| 102 | @aCN@b110000 | |
| 105 | @aak z 000yy | |
| 200 | 1 | @a信息科学技术概论@9xin xi ke xue ji shu gai lun@f李衍达等编@Fli yan da deng bian |
| 210 | @a北京@c清华大学出版社@d2005 | |
| 215 | @a253页@c图@d23cm | |
| 300 | @a清华大学信息科学技术学院教材—学院公共基础课程系列 | |
| 330 | @a本书内容包括:信息时代与学习在清华;一代微电子,一代信息技术;面向21世纪的计算机应用技术等。 | |
| 606 | 0 | @a信息技术@x高等学校@j教材 |
| 606 | 0 | @a信息技术 |
| 690 | @aG201@v4 | |
| 701 | 0 | @a李衍达@9li yan da@4编 |
| 801 | 0 | @aCN@bRENTIAN@c20061107 |
| 905 | @a10447@dG201@e186 | |
| 962 | @aA7302116849FA100054 | |
| 信息科学技术概论/李衍达等编.-北京:清华大学出版社,2005 |
| 253页:图;23cm |
| 清华大学信息科学技术学院教材—学院公共基础课程系列 |
| ISBN 7-302-11684-9:CNY25.00 |
| 本书内容包括:信息时代与学习在清华;一代微电子,一代信息技术;面向21世纪的计算机应用技术等。 |
| ● |
| 相关链接 |
|
|
|
|
正题名:信息科学技术概论
索取号:G201/186
 
预约/预借
| 序号 | 登录号 | 条形码 | 馆藏地/架位号 | 状态 | 备注 |
| 1 | 0381606 | 203816068 | 第一样本阅览室/ [索取号:G201/186] | 在馆 | |
| 2 | 0381607 | 203816077 | 第四借阅区/ [索取号:G201/186] | 在馆 | |
| 3 | 0381608 | 203816086 | 第四借阅区/ [索取号:G201/186] | 在馆 | |
| 4 | 0381609 | 203816095 | 第四借阅区/ [索取号:G201/186] | 在馆 | |
| 5 | 0381610 | 203816102 | 第四借阅区/ [索取号:G201/186] | 在馆 |